<?xml version="1.0" encoding="UTF-8"?><?xml-stylesheet type="text/xsl" href="static/style.xsl"?><OAI-PMH xmlns="http://www.openarchives.org/OAI/2.0/" xmlns:xsi="http://www.w3.org/2001/XMLSchema-instance" xsi:schemaLocation="http://www.openarchives.org/OAI/2.0/ http://www.openarchives.org/OAI/2.0/OAI-PMH.xsd"><responseDate>2026-04-17T20:11:40Z</responseDate><request verb="GetRecord" identifier="oai:riubu.ubu.es:10259/3835" metadataPrefix="marc">https://riubu.ubu.es/oai/request</request><GetRecord><record><header><identifier>oai:riubu.ubu.es:10259/3835</identifier><datestamp>2024-05-20T08:01:01Z</datestamp><setSpec>com_10259_2699</setSpec><setSpec>col_10259_2715</setSpec></header><metadata><record xmlns="http://www.loc.gov/MARC21/slim" xmlns:doc="http://www.lyncode.com/xoai" xmlns:xsi="http://www.w3.org/2001/XMLSchema-instance" xmlns:dcterms="http://purl.org/dc/terms/" xsi:schemaLocation="http://www.loc.gov/MARC21/slim http://www.loc.gov/standards/marcxml/schema/MARC21slim.xsd">
<leader>00925njm 22002777a 4500</leader>
<datafield tag="042" ind1=" " ind2=" ">
<subfield code="a">dc</subfield>
</datafield>
<datafield tag="720" ind1=" " ind2=" ">
<subfield code="a">García de la Parra Motta, Antonio</subfield>
<subfield code="e">author</subfield>
</datafield>
<datafield tag="260" ind1=" " ind2=" ">
<subfield code="c">2015</subfield>
</datafield>
<datafield tag="520" ind1=" " ind2=" ">
<subfield code="a">El objetivo de la tesis es diseñar un método metaheurístico basado en búsqueda tabú para resolver el problema del transporte BRT en el Distrito Federal con dos objetivos. Se propone aplicar técnicas metaheurísticas a problemas de optimización reales en el sector transporte.&#xd;
El problema de optimización en la operación del BRT es biobjetivo: reducción del tiempo total de viaje y del número de trasbordos, que no son comparables. Se diseñaron, implementaron y analizaron: algoritmo constructivo, procedimiento búsqueda local, procedimiento búsqueda tabú y procedimiento multiarranque (combina algoritmo constructivo con procedimiento de búsqueda tabú (MultiStartTabu)).&#xd;
Se creó un método específico para este problema, siguiendo la estrategia MOAMP para problemas multiobjetivo. Se compararon los resultados obtenidos por el algoritmo diseñado para resolver el problema con los obtenidos por una adaptación del NSGA II. MOAMP obtuvo curvas de eficiencia con mayor número de soluciones, que además dominan a las soluciones obtenidas con NSGA II.</subfield>
</datafield>
<datafield tag="024" ind2=" " ind1="8">
<subfield code="a">http://hdl.handle.net/10259/3835</subfield>
</datafield>
<datafield tag="024" ind2=" " ind1="8">
<subfield code="a">10.36443/10259/3835</subfield>
</datafield>
<datafield ind1=" " ind2=" " tag="653">
<subfield code="a">Transporte público</subfield>
</datafield>
<datafield ind1=" " ind2=" " tag="653">
<subfield code="a">Metrobús</subfield>
</datafield>
<datafield ind1=" " ind2=" " tag="653">
<subfield code="a">Enfoque multiobjetivo</subfield>
</datafield>
<datafield ind1=" " ind2=" " tag="653">
<subfield code="a">Metaheurísticas</subfield>
</datafield>
<datafield ind1=" " ind2=" " tag="653">
<subfield code="a">Búsqueda tabú</subfield>
</datafield>
<datafield ind1=" " ind2=" " tag="653">
<subfield code="a">Public transportation</subfield>
</datafield>
<datafield ind1=" " ind2=" " tag="653">
<subfield code="a">Bus rapid transit</subfield>
</datafield>
<datafield ind1=" " ind2=" " tag="653">
<subfield code="a">Multi-objective problems</subfield>
</datafield>
<datafield ind1=" " ind2=" " tag="653">
<subfield code="a">Metaheuristics</subfield>
</datafield>
<datafield ind1=" " ind2=" " tag="653">
<subfield code="a">Tabu search</subfield>
</datafield>
<datafield tag="245" ind1="0" ind2="0">
<subfield code="a">Racionalización de la red de autobuses de tránsito rápido (BRT): análisis de diferentes objetivos : aplicación a la ciudad de México</subfield>
</datafield>
</record></metadata></record></GetRecord></OAI-PMH>